Relación de algunas cosas que pasaron en estos reinos desde que murió la reina católica doña Isabel, hasta que se acabaron las comunidades en la ciudad de Toledo / (Record no. 21761)

MARC details
000 -LEADER
campo de control de longitud fija 01332nam a2200265 i 4500
001 - NÚMERO DE CONTROL
campo de control 21761
003 - IDENTIFICADOR DE NÚMERO DE CONTROL
campo de control ES-MaACL
005 - FECHA Y HORA DE LA ÚLTIMA TRANSACCIÓN
campo de control 20250731001134.0
007 - CAMPO FIJO DE DESCRIPCIÓN FÍSICA--INFORMACIÓN GENERAL
campo de control de longitud fija t|
008 - DATOS DE LONGITUD FIJA--INFORMACIÓN GENERAL
campo de control de longitud fija 021127s1872 sp |||| | spa d
100 1# - ENTRADA PRINCIPAL--NOMBRE DE PERSONA
Nombre de persona Alcocer, Pedro de.
9 (RLIN) 19564
245 10 - MENCIÓN DEL TÍTULO
Título Relación de algunas cosas que pasaron en estos reinos desde que murió la reina católica doña Isabel, hasta que se acabaron las comunidades en la ciudad de Toledo /
Mención de responsabilidad, etc. Pedro de Alcocer ; ilustrada con un prólogo, varias notas y apéndices [por Antonio Martín Gamero].
260 ## - PUBLICACIÓN, DISTRIBUCIÓN, ETC.
Lugar de publicación, distribución, etc. Sevilla :
Nombre del editor, distribuidor, etc. [s.n.],
Fecha de publicación, distribución, etc. 1872 (
Fabricante Imp. y Librería Española y Extrangera de D. Rafael Tarascó)
300 ## - DESCRIPCIÓN FÍSICA
Extensión XXXI, 220 p. ;
Dimensiones 23 cm.
490 1# - MENCIÓN DE SERIE
Mención de serie Sociedad de Bibliófilos Andaluces.
-- Primera Serie
530 ## - NOTA DISPONIBLE DE FORMULARIO FÍSICO ADICIONAL
Nota de formato físico adicional disponible Disponible en formato digital.
651 #4 - PUNTO DE ACCESO ADICIONAL DE MATERIA--NOMBRE GEOGRÁFICO
Nombre geográfico Toledo-
Subdivisión general Historia-
Subdivisión cronológica S.XVI.
9 (RLIN) 142468
651 #7 - PUNTO DE ACCESO ADICIONAL DE MATERIA--NOMBRE GEOGRÁFICO
Nombre geográfico Castilla (Reino)-
Subdivisión general Historia-
Subdivisión cronológica 1520-1521, Rebelión de los comuneros
Fuente del encabezamiento o término
9 (RLIN) 142469
651 #4 - PUNTO DE ACCESO ADICIONAL DE MATERIA--NOMBRE GEOGRÁFICO
Nombre geográfico España-
Subdivisión general Historia-
Subdivisión cronológica 1516-1556, Carlos I.
9 (RLIN) 8224
700 1# - ENTRADA AGREGADA--NOMBRE PERSONAL
Nombre de persona Martin Gamero, Antonio.
9 (RLIN) 129555
830 1# - PUNTO DE ACCESO ADICIONAL DE SERIE-TÍTULO UNIFORME
Título uniforme Sociedad de Bibliófilos Andaluces.
-- Primera Serie
9 (RLIN) 182018
852 ## - LOCALIZACIÓN
Ubicación ES-MaACL
Número de control de estantería Z-99(1)
Nota libre - Enc. con otra obra
Encuadernación Olim: B-5549
856 ## - LOCALIZACIÓN Y ACCESO ELECTRÓNICOS
Identificador Uniforme de Recursos <a href="http://bdh-rd.bne.es/viewer.vm?id=0000147866&page=1 ">http://bdh-rd.bne.es/viewer.vm?id=0000147866&page=1 </a>
Nota pública Biblioteca Digital Hispánica
Holdings
Estatus retirado Estado de pérdida Estado de daño No para préstamo Colección Biblioteca de origen Biblioteca actual Ubicación en estantería Fecha de adquisición Fuente de adquisición Total de préstamos Signatura topográfica completa Código de barras Visto por última vez Precio de reemplazo Tipo de ítem Koha
        Colección digital Biblioteca del Ateneo de Madrid Biblioteca del Ateneo de Madrid Depósito 17/01/2008     Z-99(1) 1022367 23/02/2023 23/02/2023 Libro impreso antiguo